Two Ghosts - Harry Styles (All Lyrics) - Statistics

General Stats
  • This quiz has been taken 20 times
  • The average score is 240 of 265
Answer Stats
Lyrics % Correct
a
100%
and
100%
And
100%
be
100%
blue
100%
But
100%
eyes
100%
I
100%
in
100%
it
100%
it's
100%
lips
100%
me
100%
red,
100%
Same
100%
same
100%
to
100%
two
100%
we
100%
We
100%
We're
100%
you
100%
beat
92%
can't
92%
couple
92%
feel
92%
ghosts
92%
heart
92%
just
92%
like
92%
more
92%
not
92%
of
92%
place
92%
real
92%
remember
92%
see
92%
so
92%
standin'
92%
tattoos
92%
the
92%
The
92%
this
92%
used
92%
what
92%
your
92%
all
83%
already
83%
feels
83%
have
83%
how
83%
known
83%
looks
83%
never
83%
say
83%
shirt,
83%
something
83%
stories
83%
swimmin'
83%
told
83%
touch
83%
Trying
83%
trying
83%
white
83%
who
83%
don't
75%
glass
75%
good
75%
Sounds
75%
sweet,
75%
Tastes
75%
Tellin'
75%
those
75%
tied
75%
was
75%
'Cause
67%
dances
67%
empty
67%
half
67%
mean
67%
Moon
67%
need
67%
over
67%
really
67%
room
67%
side
67%
Tongue
67%
we've
67%
fridge
58%
light
58%
washes
58%
I'm
42%
if
17%
No matching quizzes found
Score Distribution
Percent of People with Each Score
Percentile by Number Answered
Your Score History
You have not taken this quiz